000 00731nam a22002177a 4500
005 20081022102143.0
008 081022t xxu||||| |||| 00| 0 eng d
010 _aENG-84264
020 _a8171324673
020 _c350.00 (hb)
035 _aEN-67797
082 _a336.01354 / GUP
100 _aGupta, V P
245 _aState finances in India /
_cby V P Gupta
260 _aJaipur
_bPointer Publishers
260 _c2006
300 _aiv,129p
_c22cm
500 _aIncludes bibliographical references
942 _2ddc
_cEN
_h336.01354
_mGUP
999 _c17603
_d17603